[Event "Euro Online U2300 Day 2"]
[Site "chess.com INT"]
[Date "2020.05.26"]
[Round "4"]
[White "Stan, Andrei-Mihaita"]
[Black "Astafurov, Arseniy"]
[Result "0-1"]
[BlackTitle "FM"]
[WhiteElo "2044"]
[BlackElo "2330"]
[WhiteFideId "1232118"]
[BlackFideId "24175218"]
[EventDate "2020.05.26"]

1. d4 Nf6 2. c4 c5 3. d5 b5 4. cxb5 a6 5. bxa6 g6 6. Nc3 Bg7 7. e4 O-O 8. Nf3
Qa5 9. Bd3 Nxd5 10. exd5 Bxc3+ 11. bxc3 Qxc3+ 12. Qd2 Qxa1 13. O-O Bxa6 14. Bb2
Qxa2 15. Qc3 f6 16. d6 e6 17. Bb1 Qc4 18. Qxc4 Bxc4 19. Rc1 Bd5 20. Rxc5 Na6 21.
Rc1 Rab8 22. Bd4 Rfc8 23. Re1 Bxf3 24. gxf3 e5 25. Ba2+ Kg7 26. Be3 Nb4 27. Bb1
Nc2 28. Bxc2 Rxc2 29. Ra1 Rc6 30. Ra7 Rxd6 0-1

[Event "Euro Online U2300 Day 2"]
[Site "chess.com INT"]
[Date "2020.05.26"]
[Round "4"]
[White "Petriashvili, Nikoloz"]
[Black "Rajkovic, Dusan"]
[Result "1/2-1/2"]
[WhiteTitle "IM"]
[BlackTitle "GM"]
[WhiteElo "2423"]
[BlackElo "2267"]
[WhiteFideId "13611216"]
[BlackFideId "900265"]
[EventDate "2020.05.26"]

1. d4 Nf6 2. c4 e6 3. Nf3 b6 4. g3 Ba6 5. b3 b5 6. cxb5 Bxb5 7. Nc3 Bb4 8. Bd2
Bc6 9. Bg2 Qc8 10. O-O Qb7 11. Qc2 O-O 12. a3 Bxc3 13. Bxc3 Be4 14. Qb2 Nd5 15.
b4 d6 16. Rfc1 Nd7 17. Be1 f5 18. Bf1 N5f6 19. Nd2 Bd5 20. Qc2 Rac8 21. Nb3 Be4
22. Na5 Qa8 23. Qc4 Bd5 24. Qa6 g5 25. Nc6 Nb8 26. Nxb8 Qxb8 27. Rc2 g4 28. Rac1
Be4 29. Rc4 Nd5 30. Bd2 Nb6 31. R4c3 Bb7 32. Qd3 Nd5 33. R3c2 Nf6 34. Qe3 Be4
35. Rc4 Bd5 36. R4c2 Be4 37. Rc4 Bd5 38. R4c2 Be4 1/2-1/2

[Event "Euro Online U2300 Day 2"]
[Site "chess.com INT"]
[Date "2020.05.26"]
[Round "4"]
[White "Skatchkov, Valery"]
[Black "Zverev, Lev"]
[Result "1-0"]
[WhiteTitle "FM"]
[BlackTitle "CM"]
[WhiteElo "2242"]
[BlackElo "2087"]
[WhiteFideId "24195812"]
[BlackFideId "24250775"]
[EventDate "2020.05.26"]

1. d4 Nf6 2. c4 e6 3. Nf3 d5 4. g3 Be7 5. Bg2 c6 6. O-O O-O 7. Nc3 b6 8. b3 Bb7
9. Bb2 Nbd7 10. Qc2 Rc8 11. Rad1 Qc7 12. e4 dxe4 13. Nxe4 Nxe4 14. Qxe4 Nf6 15.
Qe5 c5 16. dxc5 Qxe5 17. Nxe5 Bxg2 18. Kxg2 Bxc5 19. Nd7 Nxd7 20. Rxd7 Rfd8 21.
Rfd1 Rxd7 22. Rxd7 a6 23. Bd4 Bxd4 24. Rxd4 g6 25. a4 b5 26. cxb5 axb5 27. a5
Kg7 28. a6 Rc6 29. a7 Ra6 30. Rd7 b4 31. Kf3 e5 32. Ke4 Kf6 33. Kd5 Ra5+ 34. Kc6
Ke6 35. Kb6 Rxa7 36. Rxa7 f5 37. Kc5 1-0

[Event "Euro Online U2300 Day 2"]
[Site "chess.com INT"]
[Date "2020.05.26"]
[Round "4"]
[White "Ghukasyan, Siranush"]
[Black "Salna, Aleksandras"]
[Result "1-0"]
[WhiteTitle "WIM"]
[WhiteElo "2222"]
[BlackElo "2063"]
[WhiteFideId "13300946"]
[BlackFideId "12807575"]
[EventDate "2020.05.26"]

1. e4 c5 2. Nf3 Nc6 3. Bb5 g6 4. Bxc6 dxc6 5. d3 Bg7 6. h3 Qc7 7. Nc3 e5 8. Be3
b6 9. Qd2 h6 10. a3 f5 11. exf5 gxf5 12. Qe2 Ne7 13. O-O Be6 14. Bd2 Ng6 15. b4
c4 16. d4 e4 17. Nxe4 fxe4 18. Qxe4 Nf8 19. Bf4 Qd7 20. Ne5 Qd5 21. Qe3 Rg8 22.
Bg3 O-O-O 23. c3 Bxe5 24. dxe5 h5 25. Rad1 Qxd1 26. Rxd1 Rxd1+ 27. Kh2 Ng6 28.
Qf3 Rd3 29. Qxc6+ Kb8 30. Qxe6 Rdd8 31. Qxc4 Rc8 32. e6+ Kb7 33. Qe4+ Ka6 34. a4
b5 35. a5 h4 36. Be5 Rc4 37. Qd5 Ne7 38. Qd6+ Nc6 39. e7 Re8 40. Bf6 1-0

[Event "Euro Online U2300 Day 2"]
[Site "chess.com INT"]
[Date "2020.05.26"]
[Round "4"]
[White "Volovich, Vasily"]
[Black "Strybuk, Artsiom I"]
[Result "1-0"]
[WhiteTitle "FM"]
[BlackTitle "FM"]
[WhiteElo "2177"]
[BlackElo "2215"]
[WhiteFideId "34169676"]
[BlackFideId "13515659"]
[EventDate "2020.05.26"]

1. e4 e5 2. Nf3 Nc6 3. d4 exd4 4. Bc4 Nf6 5. O-O Nxe4 6. Re1 d5 7. Bxd5 Qxd5 8.
Nc3 Qa5 9. Nxe4 Be6 10. Neg5 O-O-O 11. Nxe6 fxe6 12. Rxe6 Bd6 13. Bg5 Rde8 14.
Qe2 Kd7 15. Rxe8 Rxe8 16. Qd3 g6 17. Bd2 Qd5 18. a3 Ne5 19. Nxe5+ Rxe5 20. Bf4
Re6 21. Bxd6 Qxd6 22. Rd1 c5 23. c3 dxc3 24. Qb1 c2 25. Rxd6+ Kc7 26. Qc1 Kxd6
27. Kf1 1-0

[Event "Euro Online U2300 Day 2"]
[Site "chess.com INT"]
[Date "2020.05.26"]
[Round "4"]
[White "Vanek, Tomas"]
[Black "Gevorgyan, Albert"]
[Result "0-1"]
[WhiteTitle "FM"]
[WhiteElo "2080"]
[BlackElo "2170"]
[WhiteFideId "313459"]
[BlackFideId "13309951"]
[EventDate "2020.05.26"]

1. e4 e5 2. Nf3 Nc6 3. d4 exd4 4. Nxd4 Qf6 5. Nb3 Qg6 6. Nc3 Bb4 7. Qf3 Nf6 8.
Bd2 d6 9. Bb5 O-O 10. O-O-O Bg4 11. Qe3 Bxd1 12. Rxd1 Rfe8 13. f3 d5 14. Bxc6
bxc6 15. e5 Nd7 16. f4 a5 17. a3 a4 18. Nd4 Bc5 19. g3 Nf6 20. Nce2 Ne4 21. f5
Qh5 22. g4 Qxh2 23. e6 fxe6 24. f6 e5 25. f7+ Kxf7 26. Qf3+ Kg8 27. Nf5 Nxd2 28.
Kxd2 Bf8 29. Ng3 Qh6+ 30. Kc3 e4 31. Qf5 g6 32. g5 Qg7+ 33. Qf6 Bd6 34. Kd2 Qxf6
35. gxf6 Rf8 36. Rf1 Be5 37. c3 Rxf6 38. Rxf6 Bxf6 39. Nf4 Bg5 40. Ke3 Rf8 41.
Ne2 c5 42. c4 c6 0-1

[Event "Euro Online U2300 Day 2"]
[Site "chess.com INT"]
[Date "2020.05.26"]
[Round "4"]
[White "Lund, Terje"]
[Black "Hakobyan, Hakob V."]
[Result "0-1"]
[WhiteElo "2104"]
[BlackElo "2070"]
[WhiteFideId "1504754"]
[BlackFideId "13308807"]
[EventDate "2020.05.26"]

1. d4 d5 2. c4 c6 3. Nf3 Nf6 4. e3 g6 5. Nc3 Bg7 6. Bd3 O-O 7. O-O Bg4 8. h3
Bxf3 9. Qxf3 e6 10. Rd1 Nbd7 11. e4 dxe4 12. Nxe4 Nxe4 13. Bxe4 e5 14. dxe5 Nxe5
15. Qe2 Qe7 16. Bf4 Rfe8 17. Bc2 Qb4 18. Bb3 a5 19. Bd2 Qe7 20. Bc3 a4 21. Bc2
Qc5 22. Bxe5 Bxe5 23. Qd3 Bxb2 24. Rab1 a3 25. Bb3 Kg7 26. Qd6 Re1+ 0-1

[Event "Euro Online U2300 Day 2"]
[Site "chess.com INT"]
[Date "2020.05.26"]
[Round "4"]
[White "Radosevic, Nenad"]
[Black "Kusa, Jakub"]
[Result "0-1"]
[WhiteElo "2157"]
[BlackElo "2177"]
[WhiteFideId "906395"]
[BlackFideId "395595"]
[EventDate "2020.05.26"]

1. d4 f5 2. Nf3 Nf6 3. Bg5 e6 4. h4 Be7 5. e3 d6 6. Bd3 Nbd7 7. c4 c5 8. Nc3 O-O
9. d5 exd5 10. Bxf5 dxc4 11. Be6+ Kh8 12. Bxc4 a6 13. Nd5 Nxd5 14. Bxd5 Nb6 15.
Bb3 Bg4 16. Qe2 d5 17. O-O-O c4 18. Bc2 c3 19. b3 Qd6 20. Bd3 Qa3+ 21. Kb1 Rae8
22. Qc2 Bxf3 23. gxf3 d4 24. e4 Rxf3 25. Bc1 Qd6 26. Rdg1 Ref8 27. Rg2 Nd7 28.
Bc4 Ne5 29. Bd5 Qc5 30. Bh6 gxh6 31. Rhg1 Ng6 32. h5 d3 33. Qc1 c2+ 34. Ka1 Bf6+
35. Qb2 Qc3 0-1

[Event "Euro Online U2300 Day 2"]
[Site "chess.com INT"]
[Date "2020.05.26"]
[Round "4"]
[White "Poghosyan, Suren"]
[Black "Ibrahimli, Murad"]
[Result "0-1"]
[WhiteTitle "FM"]
[BlackTitle "IM"]
[WhiteElo "2275"]
[BlackElo "2436"]
[WhiteFideId "13303201"]
[BlackFideId "13410229"]
[EventDate "2020.05.26"]

1. d4 Nf6 2. c4 e6 3. Nc3 Bb4 4. e3 c5 5. Ne2 cxd4 6. exd4 O-O 7. a3 Be7 8. Nf4
d6 9. Be2 a6 10. O-O b6 11. Bf3 Ra7 12. b3 Bb7 13. Bb2 Nbd7 14. Re1 Re8 15. Bxb7
Rxb7 16. Qf3 Qb8 17. a4 Nf8 18. Rad1 Ng6 19. Nh5 Nxh5 20. Qxh5 Rc7 21. Ne4 d5
22. Nd2 Rd8 23. Re3 Bf6 24. Rh3 h6 25. Rg3 Kh7 26. a5 dxc4 27. Nxc4 bxa5 28. Ba3
Rd5 29. Qe2 Rcd7 30. Rgd3 Rxd4 31. Rxd4 Rxd4 32. Nxa5 Qe5 0-1

[Event "Euro Online U2300 Day 2"]
[Site "chess.com INT"]
[Date "2020.05.26"]
[Round "4"]
[White "Willow, Jonah B"]
[Black "Khalafova, Narmin"]
[Result "1-0"]
[WhiteTitle "FM"]
[BlackTitle "WGM"]
[WhiteElo "2386"]
[BlackElo "2279"]
[WhiteFideId "438804"]
[BlackFideId "13402625"]
[EventDate "2020.05.26"]

1. e4 d6 2. d4 Nf6 3. Nc3 g6 4. f4 Bg7 5. Nf3 c5 6. Bb5+ Bd7 7. e5 Ng4 8. Bxd7+
Qxd7 9. h3 cxd4 10. Qxd4 Nh6 11. Qf2 Nc6 12. Bd2 O-O-O 13. O-O-O Kb8 14. g4 dxe5
15. fxe5 Qc7 16. Rhe1 Ka8 17. Kb1 f5 18. Qh4 fxg4 19. hxg4 Nf7 20. e6 Nfe5 21.
Nxe5 Nxe5 22. Bf4 Rxd1+ 23. Rxd1 Qc5 24. Qxh7 Qd6 25. Qxg7 1-0

[Event "Euro Online U2300 Day 2"]
[Site "chess.com INT"]
[Date "2020.05.26"]
[Round "4"]
[White "Martinkus, Rolandas"]
[Black "Musovic, Armin"]
[Result "0-1"]
[WhiteTitle "FM"]
[BlackTitle "FM"]
[WhiteElo "2117"]
[BlackElo "2219"]
[WhiteFideId "12800481"]
[BlackFideId "939935"]
[EventDate "2020.05.26"]

1. Nf3 a6 2. e4 e6 3. d4 d5 4. e5 c5 5. c3 Nc6 6. Be2 Nge7 7. O-O cxd4 8. cxd4
Nf5 9. Be3 Be7 10. Nc3 g5 11. Qd2 g4 12. Ne1 h5 13. Nc2 Rg8 14. Bd3 Nh4 15. Rae1
Bd7 16. Bf4 Bg5 17. Bxg5 Qxg5 18. Qxg5 Rxg5 19. Ne2 Ke7 20. Nf4 Rc8 21. Rc1 Rcg8
22. Rfd1 Nf5 23. Be2 Nh4 24. Bd3 Nf5 25. Bf1 Rc8 26. Ne2 Na5 27. Ne3 Nxe3 28.
fxe3 Nc4 29. Nf4 Nxe3 30. Rxc8 Bxc8 31. Rc1 Kd8 32. Bd3 Bd7 33. Kf2 Nf5 34. Bxf5
Rxf5 35. Ke3 h4 36. g3 h3 37. Rc4 dxc4 0-1

[Event "Euro Online U2300 Day 2"]
[Site "chess.com INT"]
[Date "2020.05.26"]
[Round "4"]
[White "Terbe, Julianna"]
[Black "Gallasch, Jonas"]
[Result "1-0"]
[WhiteTitle "WIM"]
[WhiteElo "2273"]
[BlackElo "2090"]
[WhiteFideId "708780"]
[BlackFideId "16222474"]
[EventDate "2020.05.26"]

1. d4 Nf6 2. Nf3 g6 3. g3 Bg7 4. Bg2 O-O 5. O-O c6 6. c4 d5 7. cxd5 cxd5 8. Nc3
Nc6 9. Ne5 Bf5 10. Nxc6 bxc6 11. Na4 Nd7 12. Be3 e5 13. dxe5 Bxe5 14. Bd4 Re8
15. Bxe5 Rxe5 16. Rc1 Qe8 17. e3 Nf6 18. Qd4 Be4 19. Bxe4 Nxe4 20. Nc5 Rb8 21.
b3 a5 22. Nd7 Qxd7 23. Qxe5 Re8 24. Qd4 c5 25. Qd3 Re5 26. f3 Nf6 27. Rxc5 Qh3
28. Rf2 Qe6 29. Re2 Rf5 30. Kg2 Rh5 31. Rxa5 Qh3+ 32. Kg1 Rf5 33. Rf2 Re5 34.
Ra6 d4 35. Rxf6 Rxe3 36. Qd1 d3 37. Rd6 Qf5 38. Kg2 Qe5 39. Rxd3 Re1 40. Rd8+
Kg7 41. Qd4 1-0

[Event "Euro Online U2300 Day 2"]
[Site "chess.com INT"]
[Date "2020.05.26"]
[Round "4"]
[White "Schlegel, Igor"]
[Black "Hulka, Valentyn"]
[Result "0-1"]
[WhiteElo "2027"]
[BlackElo "1892"]
[WhiteFideId "1334956"]
[BlackFideId "34107061"]
[EventDate "2020.05.26"]

1. e4 c5 2. Nf3 e6 3. d4 cxd4 4. Nxd4 a6 5. Nc3 Qc7 6. Bd3 Nf6 7. O-O Bc5 8. Nb3
Be7 9. f4 d6 10. f5 e5 11. Qf3 b5 12. a3 Bb7 13. Bd2 Nbd7 14. Rae1 g6 15. fxg6
hxg6 16. Nd5 Bxd5 17. exd5 Qb6+ 18. Kh1 O-O-O 19. Ba5 Rxh2+ 20. Kxh2 Rh8+ 21.
Kg3 Nh5+ 22. Qxh5 Rxh5 23. Bxb6 Bh4+ 24. Kf3 Bxe1 25. Rxe1 Nxb6 26. Nd2 Nxd5 27.
c4 Nf4 28. Bf1 bxc4 29. Bxc4 a5 30. g3 Nh3 31. Ne4 f5 32. Nxd6+ Kd7 33. Nb5 Ng5+
34. Kg2 e4 35. Nd4 Kd6 36. Rd1 Ke5 0-1

[Event "Euro Online U2300 Day 2"]
[Site "chess.com INT"]
[Date "2020.05.26"]
[Round "4"]
[White "Dudin, Gleb"]
[Black "Martirosyan, Haik M."]
[Result "0-1"]
[WhiteTitle "FM"]
[BlackTitle "GM"]
[WhiteElo "2387"]
[BlackElo "2617"]
[WhiteFideId "34184934"]
[BlackFideId "13306553"]
[EventDate "2020.05.26"]

1. d4 g6 2. e4 Bg7 3. Nf3 b6 4. Bd3 Bb7 5. O-O e6 6. c4 d6 7. Nc3 Nd7 8. Be3 Ne7
9. Qd2 h6 10. b3 a6 11. Ne1 e5 12. d5 f5 13. f4 exf4 14. Bxf4 g5 15. Bxg5 hxg5
16. exf5 g4 17. Nc2 Ng8 18. Rae1+ Ne5 19. Nd4 Qh4 20. g3 Qh6 21. Qxh6 Rxh6 22.
Be2 Nf6 23. Ne6 Kf7 24. Nxc7 Rah8 25. Rf2 Rc8 26. Ne6 b5 27. Rf4 Rhh8 28. Ng5+
Ke7 29. Nce4 bxc4 30. bxc4 Bh6 31. Rb1 Ba8 32. c5 Nxe4 33. Nxe4 Bxf4 34. gxf4
Nf3+ 35. Bxf3 gxf3 36. Nxd6 Rxc5 0-1

[Event "Euro Online U2300 Day 2"]
[Site "chess.com INT"]
[Date "2020.05.26"]
[Round "4"]
[White "Han, Yichen"]
[Black "Kacprzak, Kacper"]
[Result "1/2-1/2"]
[WhiteTitle "FM"]
[WhiteElo "2307"]
[BlackElo "1977"]
[WhiteFideId "1054430"]
[BlackFideId "21819319"]
[EventDate "2020.05.26"]

1. e4 c5 2. Nf3 Nc6 3. d4 cxd4 4. Nxd4 Nf6 5. Nc3 e5 6. Ndb5 d6 7. Bg5 a6 8. Na3
b5 9. Bxf6 gxf6 10. Nd5 Bg7 11. c3 f5 12. exf5 Bxf5 13. Nc2 O-O 14. Nce3 Be6 15.
Bd3 f5 16. O-O e4 17. Bc2 Ne5 18. Bb3 Kh8 19. Nf4 Bxb3 20. axb3 Qh4 21. Ne6 Rf6
22. Nxg7 Kxg7 23. Qxd6 Rxd6 24. Nxf5+ Kf6 25. Nxh4 Rc8 26. f3 e3 27. Rfe1 Nd3
28. Rxe3 Nxb2 29. g4 Nd1 30. Nf5 Nxe3 31. Nxd6 Rc6 32. Ne4+ Ke5 33. Kf2 Nxg4+
34. Kg3 Nf6 35. Re1 Nxe4+ 36. Rxe4+ Kf5 37. c4 bxc4 38. bxc4 a5 39. Rh4 Kg6 40.
Rg4+ Kf5 41. Rd4 a4 42. c5 Rxc5 43. Rxa4 Rc3 44. Ra5+ Kg6 45. Kg4 Rc4+ 46. f4
h5+ 47. Kg3 Rc3+ 48. Kh4 Rf3 49. Rg5+ Kf6 50. Kxh5 Rh3+ 51. Kg4 Rxh2 52. Ra5
Rg2+ 53. Kf3 Rb2 54. Ke4 1/2-1/2

[Event "Euro Online U2300 Day 2"]
[Site "chess.com INT"]
[Date "2020.05.26"]
[Round "4"]
[White "Mica, Marek"]
[Black "Schekachikhin, Maksim"]
[Result "0-1"]
[WhiteTitle "FM"]
[BlackTitle "IM"]
[WhiteElo "2324"]
[BlackElo "2406"]
[WhiteFideId "382884"]
[BlackFideId "24177830"]
[EventDate "2020.05.26"]

1. d4 Nf6 2. Nc3 d5 3. Bf4 Bf5 4. e3 e6 5. Bd3 Bxd3 6. Qxd3 a6 7. Nf3 c5 8. O-O
Nc6 9. Rfe1 Be7 10. Ne5 Rc8 11. Ne2 O-O 12. c3 c4 13. Qc2 b5 14. a3 a5 15. Ng3
Nxe5 16. Bxe5 Nd7 17. e4 Nxe5 18. dxe5 d4 19. cxd4 Qxd4 20. Rad1 Qxe5 21. Ne2
Rfd8 22. Rxd8+ Bxd8 23. Qd2 Bb6 24. Rd1 h6 25. Nc3 b4 26. Na4 Rd8 27. Qe1 Rxd1
28. Qxd1 Bd4 29. axb4 axb4 30. Qc2 Qb5 31. b3 c3 32. g3 e5 33. Kg2 Qd7 34. Qd3
Qe6 35. Qc2 Qf6 36. f3 Qg5 37. Kf1 Qe3 38. Nb2 Qxf3+ 39. Ke1 Qh1+ 40. Ke2 Qxh2+
41. Kd3 Qxc2+ 42. Kxc2 cxb2 43. Kb1 h5 44. Ka2 g5 45. g4 h4 46. Kb1 h3 47. Kc2
h2 48. Kd3 b1=Q+ 49. Kc4 h1=Q 50. Kd5 Qbxe4+ 51. Kc4 Qf1+ 52. Kxb4 Bb6+ 53. Ka3
Qa1# 0-1

[Event "Euro Online U2300 Day 2"]
[Site "chess.com INT"]
[Date "2020.05.26"]
[Round "4"]
[White "Caglar, Ahmet Ata"]
[Black "Davtyan, Artur"]
[Result "1/2-1/2"]
[BlackTitle "IM"]
[WhiteElo "2077"]
[BlackElo "2461"]
[WhiteFideId "6328636"]
[BlackFideId "13308327"]
[EventDate "2020.05.26"]

1. d4 d5 2. Nf3 Nf6 3. Bf4 e6 4. e3 Bd6 5. Nbd2 b6 6. c3 Bb7 7. Bd3 c5 8. O-O
Nc6 9. Bxd6 Qxd6 10. dxc5 bxc5 11. e4 O-O 12. exd5 exd5 13. Re1 Rfe8 14. Qa4 h6
15. h3 Nh5 16. Qb5 Nf4 17. Bf1 Reb8 18. Nb3 Ne6 19. Rad1 Ne7 20. Qe2 Ng6 21. Qe3
Bc6 22. Ne5 Nxe5 23. Qxe5 Qxe5 24. Rxe5 a5 25. c4 a4 26. cxd5 axb3 27. axb3 Bxd5
28. Rexd5 Rxb3 29. Bc4 Rxb2 30. Re5 Rc2 31. Bb3 1/2-1/2

[Event "Euro Online U2300 Day 2"]
[Site "chess.com INT"]
[Date "2020.05.26"]
[Round "4"]
[White "Gasimov, Parviz"]
[Black "Curtacci, Sergio"]
[Result "1-0"]
[WhiteTitle "FM"]
[WhiteElo "2337"]
[BlackElo "2038"]
[WhiteFideId "13408798"]
[BlackFideId "858048"]
[EventDate "2020.05.26"]

1. e4 c5 2. Nf3 g6 3. d4 cxd4 4. Nxd4 Bg7 5. c4 Nc6 6. Be3 Nf6 7. Nc3 Ng4 8.
Qxg4 Nxd4 9. Qd1 e5 10. Bd3 O-O 11. O-O Qh4 12. Qd2 f5 13. f3 d6 14. Nd5 f4 15.
Bxd4 exd4 16. b4 Be5 17. Rac1 Qd8 18. c5 dxc5 19. Rxc5 Bd6 20. Rc4 Be5 21. Rc5
b6 22. Rc2 Be6 23. Bc4 Bf7 24. Rfc1 Rc8 25. Ne7+ Qxe7 26. Bxf7+ Rxf7 27. Rxc8+
Kg7 28. R8c4 g5 29. Rf1 Qe6 30. Qd3 Rd7 31. b5 h6 32. Rfc1 g4 33. Rc6 Qxa2 34.
fxg4 Qb2 35. Qh3 Bd6 36. g5 Rd8 37. Qxh6+ Kg8 38. Qg6+ Kf8 39. Qf6+ Ke8 40. g6
Be7 41. Qf7+ Kd7 42. Rc7+ 1-0

[Event "Euro Online U2300 Day 2"]
[Site "chess.com INT"]
[Date "2020.05.26"]
[Round "4"]
[White "Zvereva, Margarita"]
[Black "Boykov, Pavel"]
[Result "1-0"]
[WhiteTitle "WFM"]
[WhiteElo "1929"]
[BlackElo "1788"]
[WhiteFideId "34177741"]
[BlackFideId "24299278"]
[EventDate "2020.05.26"]

1. d4 c5 2. d5 e5 3. e4 d6 4. Nf3 Be7 5. g3 Nf6 6. Nc3 O-O 7. Bg2 b5 8. Nd2 b4
9. Ne2 a5 10. O-O Ba6 11. c4 bxc3 12. bxc3 Nbd7 13. c4 Rb8 14. Qc2 Ne8 15. f4
exf4 16. gxf4 Bf6 17. Rb1 Nc7 18. Rxb8 Qxb8 19. Rf3 Re8 20. Rb3 Qa7 21. Bb2 Bb7
22. Bh3 Nf8 23. Bxf6 gxf6 24. Qb2 Bc8 25. Bxc8 Rxc8 26. Qxf6 Ne8 27. Qg5+ Kh8
28. Rg3 Ng6 29. f5 f6 30. Qh6 Qg7 31. Qxg7+ Kxg7 32. fxg6 hxg6 33. Nf4 g5 34.
Ne6+ Kf7 35. Rb3 1-0

[Event "Euro Online U2300 Day 2"]
[Site "chess.com INT"]
[Date "2020.05.26"]
[Round "4"]
[White "Abdullayev, Azer"]
[Black "Grigoryan, Aram"]
[Result "0-1"]
[WhiteElo "2039"]
[BlackElo "1996"]
[WhiteFideId "13403400"]
[BlackFideId "13310542"]
[EventDate "2020.05.26"]

1. d4 Nf6 2. c4 c5 3. d5 b5 4. cxb5 a6 5. b6 e6 6. Nc3 Bb7 7. e4 Qxb6 8. Nf3
exd5 9. exd5 d6 10. Bc4 Be7 11. O-O O-O 12. Re1 Re8 13. Nh4 Nbd7 14. Nf5 Bf8 15.
Bf4 Rxe1+ 16. Qxe1 Re8 17. Qd2 Ne5 18. b3 Nxc4 19. bxc4 Ne4 20. Qc2 Nxc3 21.
Qxc3 Bc8 22. Ne3 Be7 23. Qc2 Bf6 24. Qa4 Re7 25. Rd1 Bd7 26. Qc2 g6 27. Rb1 Qc7
28. h3 Bd4 29. Qb3 Bxe3 30. Bxe3 Bf5 31. Rb2 Kg7 32. Qc3+ f6 33. Qb3 Re4 34. f3
Re7 35. Bf4 g5 36. Bg3 Qa5 37. Bxd6 Qe1+ 38. Kh2 Rd7 39. Bg3 Qc1 40. d6 h5 41.
Qa4 Qxb2 42. h4 Qb4 43. Qc6 Qxc4 44. hxg5 fxg5 45. Be5+ Kg6 46. Qc8 Qe6 47. Qh8
Rh7 48. Qd8 Qxe5+ 0-1

[Event "Euro Online U2300 Day 2"]
[Site "chess.com INT"]
[Date "2020.05.26"]
[Round "4"]
[White "Yordanov, Lachezar"]
[Black "Kiremitciyan, Ari"]
[Result "0-1"]
[WhiteTitle "FM"]
[BlackTitle "FM"]
[WhiteElo "2307"]
[BlackElo "2281"]
[WhiteFideId "2918927"]
[BlackFideId "6373445"]
[EventDate "2020.05.26"]

1. d4 Nf6 2. c4 e6 3. Nc3 Bb4 4. f3 c5 5. d5 b5 6. e4 O-O 7. Nh3 bxc4 8. Nf4
exd5 9. Nxd5 Nxd5 10. Qxd5 Qh4+ 11. g3 Qf6 12. Kf2 Bxc3 13. bxc3 Qxc3 14. Qxa8
Qxa1 15. Be3 Qxa2+ 16. Be2 Ba6 17. Qd5 Nc6 18. Bxc5 Rb8 19. Re1 Qa5 20. Bd6 Rb5
21. Qd1 Rb2 22. Bf4 Ne5 23. Bxe5 Qxe5 24. Qxd7 Qc5+ 25. Kf1 g6 26. e5 Qb6 27. e6
Qxe6 28. Qxa7 Rxe2 29. Ra1 c3 30. Rxa6 Re1+ 31. Kg2 Qe2+ 32. Kh3 Qxf3 33. Qa8+
Qxa8 34. Rxa8+ Kg7 35. Rc8 Rc1 36. Kg4 f5+ 37. Kf3 c2 38. Kg2 g5 39. Rc6 f4 40.
gxf4 gxf4 41. h4 f3+ 0-1

[Event "Euro Online U2300 Day 2"]
[Site "chess.com INT"]
[Date "2020.05.26"]
[Round "4"]
[White "Sahakyan, Arman K."]
[Black "Ruperez Benito, Antonio"]
[Result "0-1"]
[BlackTitle "FM"]
[WhiteElo "1775"]
[BlackElo "2356"]
[WhiteFideId "13310992"]
[BlackFideId "22245049"]
[EventDate "2020.05.26"]

1. d4 e6 2. Nf3 Nf6 3. e3 c5 4. Bd3 d5 5. b3 Nc6 6. Bb2 Qc7 7. a3 b6 8. O-O Bb7
9. Nbd2 Bd6 10. c4 cxd4 11. exd4 O-O 12. Re1 Rac8 13. Ne5 Rfd8 14. cxd5 Nxd5 15.
Rc1 Nf4 16. Ndf3 Nxd3 17. Nxd3 h6 18. h3 Qb8 19. Qe2 Ne7 20. Nde5 Bd5 21. b4 a5
22. b5 Qb7 23. Nh4 Nf5 24. Nxf5 exf5 25. f4 Be4 26. Qf2 Qd5 27. Nc6 Re8 28. a4
Qb3 29. Ra1 Bxc6 30. bxc6 Rxe1+ 31. Rxe1 Rxc6 32. Qe2 Rc2 33. Qe8+ Bf8 34. Qa8
Qxb2 35. Re8 Qxd4+ 36. Kh2 Qxf4+ 0-1

[Event "Euro Online U2300 Day 2"]
[Site "chess.com INT"]
[Date "2020.05.26"]
[Round "4"]
[White "Melnikov, Sergey"]
[Black "Bayramov, Zaur"]
[Result "0-1"]
[BlackTitle "FM"]
[WhiteElo "2039"]
[BlackElo "2357"]
[WhiteFideId "34141062"]
[BlackFideId "13405080"]
[EventDate "2020.05.26"]

1. d4 g6 2. c4 Bg7 3. e4 d6 4. Be3 Nc6 5. Ne2 e5 6. d5 Nce7 7. f3 f5 8. Nbc3 Nf6
9. Qd2 O-O 10. g3 fxe4 11. Nxe4 Nf5 12. O-O-O Nxe3 13. Qxe3 Nxe4 14. fxe4 Qf6
15. Kd2 Bd7 16. Nc3 h5 17. Be2 Kh7 18. Kc2 Bh6 19. Qg1 a6 20. h3 b5 21. cxb5
axb5 22. a3 Rfb8 23. g4 h4 24. Rf1 Bf4 25. g5 Qe7 26. Bg4 Kg7 27. Ne2 Be8 28.
Nxf4 exf4 29. Qd4+ Qe5 30. Qxe5+ dxe5 31. Kb3 c5 32. dxc6 Bxc6 33. Rc1 Bxe4 34.
Rc7+ Kh8 35. Rd1 Rd8 36. Re1 Bd5+ 37. Kb4 e4 38. Rec1 f3 39. Re7 Re8 40. Rd7
Rad8 41. Ra7 e3 42. Rcc7 Bg8 43. Bxf3 e2 44. Bxe2 Rxe2 45. Kxb5 Rxb2+ 46. Ka4
Rh2 47. Ra6 Rd4+ 48. Ka5 Rd5+ 49. Kb6 Rxg5 0-1

[Event "Euro Online U2300 Day 2"]
[Site "chess.com INT"]
[Date "2020.05.26"]
[Round "4"]
[White "Mikheev, Aleksey"]
[Black "Suleymanli, Aydin"]
[Result "0-1"]
[BlackTitle "IM"]
[WhiteElo "2239"]
[BlackElo "2512"]
[WhiteFideId "24177660"]
[BlackFideId "13413937"]
[EventDate "2020.05.26"]

1. e4 c6 2. d4 d5 3. e5 Bf5 4. Nc3 e6 5. g4 Bg6 6. Nge2 Ne7 7. Nf4 c5 8. dxc5
Nec6 9. Bb5 Bxc5 10. Nxg6 hxg6 11. Bf4 a6 12. Bd3 Nd7 13. Qe2 g5 14. Bg3 Nd4 15.
Qd1 Nc6 16. Qe2 Bd4 17. Rd1 Ndxe5 18. O-O Qf6 19. Kg2 Bxc3 20. bxc3 Rd8 21. f4
gxf4 22. Rxf4 Qe7 23. Rdf1 O-O 24. Qf2 Nxd3 25. cxd3 Ne5 26. Qd4 Ng6 27. R4f2
Rc8 28. Rb1 b5 29. Rb3 Rc6 30. a4 bxa4 31. Qxa4 Rfc8 32. Qa5 Qa7 33. h4 Qe3 34.
Rb7 f6 35. h5 Ne5 36. h6 Qxh6 37. Bxe5 fxe5 38. Rff7 Qd2+ 39. Kf1 Qd1+ 40. Kf2
Qxg4 41. Rxg7+ Qxg7 42. Rxg7+ Kxg7 43. c4 Rd6 44. Qa1 Rf8+ 45. Ke3 Rf5 46. Qa3
Rd7 47. Qxa6 d4+ 48. Ke4 Kf6 0-1